Premature Mortality for Chronic Diseases in the EU Member States

Predčasná úmrtnosť, a najmä predčasná úmrtnosť na chronické choroby, je veľmi dôležitou témou verejného zdravia, zdravotnej starostlivosti alebo životného štýlu obyvateľstva. Hlavným cieľom krajín je znížiť predčasnú úmrtnosť, a preto je kľúčom k odhaleniu úspechov alebo neúspechov v tejto téme anal...

Description complète

Enregistré dans:
Détails bibliographiques
Auteur principal: Megyesiová, Silvia, 1969-
Autres auteurs: Lieskovská, Vanda, 1961-
Format: Chapitre de livre
Langue:anglais
Sujets:
Tags: Ajouter un tag
Pas de tags, Soyez le premier à ajouter un tag!

MARC

LEADER 00000naa a2200000 4500
001 0260528
005 20241118085039.2
041 0 |a eng 
044 |a CH 
245 1 0 |a Premature Mortality for Chronic Diseases in the EU Member States  |c Silvia Megyesiová, Vanda Lieskovská 
520 |a Predčasná úmrtnosť, a najmä predčasná úmrtnosť na chronické choroby, je veľmi dôležitou témou verejného zdravia, zdravotnej starostlivosti alebo životného štýlu obyvateľstva. Hlavným cieľom krajín je znížiť predčasnú úmrtnosť, a preto je kľúčom k odhaleniu úspechov alebo neúspechov v tejto téme analýza vývoja a stavu predčasných štandardizovaných úmrtností (ZPČ). 
610 2 0 |a úmrtnosť 
610 2 0 |a Európska únia 
610 2 0 |a populácia 
610 2 0 |a zdravie 
610 2 0 |a starostlivosť zdravotná 
100 1 |a Megyesiová, Silvia, 1969- 
700 1 |a Lieskovská, Vanda, 1961-